007230000a2200193000450024501170000065000130011765000290013065000300015965100520018965300290024165300380027065300330030804100130034170000310035470000250038570000270041010000240043777300680046110aEffects of seed dispersal by three ateline Monkey species on seed germination at Tinigua National park, Colombia14aPrimates14aDispersión de semillas14aPeriodos de germinación 4lParque Nacional Natural TiniguadMetapColombia gAteleseAteles belzebuth gLagothrixeLagotthrix lagothricha gAlouattaeAlouatta seniculus0 aInglés1 aCastellanos, María Clara1 aPizarro, Juan Carlos1 aGaravito, Maria Ximena1 aStevenson, Pablo R.1 tInternational Journal of Primatology3126h6q367-371d2002g23